<?xml version="1.0" encoding="UTF-8"?>
<marc:record xmlns:marc="http://www.loc.gov/MARC21/slim">
   <marc:leader>00000nam a2200000 a 4500</marc:leader>
   <marc:datafield ind1="1" ind2=" " tag="100">
      <marc:subfield code="a">Romero, Jordan</marc:subfield>
      <marc:subfield code="4">aut</marc:subfield>
      <marc:subfield code="e">Verfasser/-in</marc:subfield>
   </marc:datafield>
   <marc:datafield ind1="1" ind2=" " tag="100">
      <marc:subfield code="a">Lebanc, Linda</marc:subfield>
      <marc:subfield code="4">aut</marc:subfield>
      <marc:subfield code="e">Verfasser/-in</marc:subfield>
   </marc:datafield>
   <marc:datafield ind1="1" ind2=" " tag="100">
      <marc:subfield code="a">Panzacchi, Cornelia</marc:subfield>
      <marc:subfield code="4">trl</marc:subfield>
      <marc:subfield code="e">Übersetzer/-in</marc:subfield>
   </marc:datafield>
   <marc:datafield ind1="0" ind2="0" tag="245">
      <marc:subfield code="a">Kein Gipfel zu hoch</marc:subfield>
   </marc:datafield>
   <marc:datafield ind1="0" ind2="0" tag="245">
      <marc:subfield code="b">Wie ich die sieben höchsten Berge aller Kontinente bezwang</marc:subfield>
   </marc:datafield>
   <marc:datafield ind1="0" ind2="0" tag="245">
      <marc:subfield code="c">Jordan Romero ; Linda Lebanc</marc:subfield>
   </marc:datafield>
   <marc:datafield ind1=" " ind2="1" tag="264">
      <marc:subfield code="a">München</marc:subfield>
      <marc:subfield code="b">Kinder- und Jugendverlag</marc:subfield>
      <marc:subfield code="c">2015</marc:subfield>
   </marc:datafield>
   <marc:datafield ind1="1" ind2=" " tag="520">
      <marc:subfield code="a">Einmal ganz hoch hinaus und die Welt aus einer anderen Perspektive sehen &#x96; das ist Jordan Romeros Traum. Schon mit 10 Jahren nimmt er sich vor, alle Seven Summits zu bezwingen &#x96; die jeweils höchsten Berge der sieben Kontinente. Kein Gipfel ist ihm zu schwierig, zu gefährlich, zu hoch. Aufgeben, das kennt Jordan nicht. Mit der Hilfe seines Vaters und seiner Stiefmutter bricht er einen Rekord nach dem anderen und wird zu einer Inspiration für andere. In diesem Buch erzählt der heute 17-Jährige, wie ihn nie der Mut verlassen hat, und nimmt den Leser mit auf eine beeindruckende Reise.</marc:subfield>
   </marc:datafield>
   <marc:datafield ind1=" " ind2=" " tag="020">
      <marc:subfield code="a">9783570159972</marc:subfield>
      <marc:subfield code="9">9783570159972</marc:subfield>
   </marc:datafield>
   <marc:datafield ind1=" " ind2=" " tag="020">
      <marc:subfield code="a">3570159973</marc:subfield>
      <marc:subfield code="9">3570159973</marc:subfield>
   </marc:datafield>
   <marc:datafield ind1=" " ind2=" " tag="500">
      <marc:subfield code="a">Aus dem Engl.</marc:subfield>
   </marc:datafield>
   <marc:datafield ind1=" " ind2=" " tag="300">
      <marc:subfield code="a">415 S. : Ill.</marc:subfield>
   </marc:datafield>
</marc:record>
